Lazarillo de Tormes
Shranjeno v:
| Format: | Knjiga |
|---|---|
| Jezik: | španščina |
| Izdano: |
Santiago
Origo Ediciones
2014
|
| Izdaja: | 1a. ed |
| Serija: | VivaLeer
|
| Teme: | |
| Oznake: |
Označite
Brez oznak, prvi označite!
|
MARC
| LEADER | 00000cam a2200000 a 4500 | ||
|---|---|---|---|
| 001 | UCD9192 | ||
| 003 | CL-VaPUC | ||
| 008 | 170609e20140000cl |||||||||||||||||spa|d | ||
| 020 | |a 9789563161809 | ||
| 082 | 0 | 4 | |a 863 |b LAZ |2 21 |
| 245 | 1 | 0 | |a Lazarillo de Tormes |
| 250 | |a 1a. ed | ||
| 300 | |a 110 p | ||
| 942 | |c BK | ||
| 945 | |d 20170609 16:51:00 |a dcastane | ||
| 260 | |a Santiago |b Origo Ediciones |c 2014 | ||
| 650 | 0 | |a Novelas españolas |9 265052 | |
| 650 | 0 | |a Literatura española |9 306261 | |
| 583 | |a last modification |c 20170609 16:51:00 |k Rodrigo Vera | ||
| 490 | 0 | |a VivaLeer | |
| 999 | |c 368451 |d 368449 | ||
| 952 | |0 0 |1 0 |3 erd |4 0 |6 863_000000000000000_LAZ_2014 |7 0 |8 A |9 483783 |a BIBGIM |b BIBGIM |i 539631K |l 2 |m 1 |o 863 LAZ 2014 |p 539631K |r 2025-01-15 |s 2024-05-24 |w 2019-11-24 |y BK |z Catalogado en:20170609 |k GIM | ||